CS:GO - IEM Rio Major 2022 - All teams and players - Statistics

General Stats
  • This quiz has been taken 7 times
  • The average score is 97 of 144
Answer Stats
Hint Answer % Correct
apEX
100%
arT
100%
Ax1Le
100%
broky
100%
Brollan
100%
17-19th cadiaN
100%
Cloud9
100%
dupreeh
100%
electroNic
100%
EliGE
100%
ENCE
100%
12-14th fame
100%
FaZe
100%
2nd FL1T
100%
fnatic
100%
frozen
100%
FURIA
100%
GamerLegion
100%
15-16th HEROIC
100%
HObbit
100%
iM
100%
jabbi
100%
5-8th Jame
100%
karrigan
100%
KRIMZ
100%
KSCERATO
100%
Liquid
100%
Magisk
100%
MOUZ
100%
9-11th n0rb3r7
100%
NAF
100%
Natus Vincere
100%
Ninjas in Pyjamas
100%
OG
100%
1st Outsiders
100%
Perfecto
100%
3-4th Qikert
100%
rain
100%
ropz
100%
s1mple
100%
sh1ro
100%
Snappi
100%
Spinx
100%
Spirit
100%
20-22nd stavn
100%
SunPayus
100%
23-24th TeSeS
100%
Twistzz
100%
Vitality
100%
xertioN
100%
ZywOo
100%
Aleksib
75%
aliStair
75%
b1t
75%
BIG
75%
boltz
75%
chopper
75%
degster
75%
drop
75%
dycha
75%
FalleN
75%
fer
75%
flameZ
75%
Grayhound
75%
Imperial
75%
INS
75%
Krimbo
75%
Liazz
75%
Maden
75%
magixx
75%
mezii
75%
nafany
75%
nitr0
75%
oSee
75%
REZ
75%
s1n
75%
saffee
75%
siuhy
75%
sjuush
75%
syrsoN
75%
tabseN
75%
TACO
75%
valde
75%
VINI
75%
w0nderful
75%
yuurih
75%
00NATION
50%
9z
50%
acoR
50%
Bad News Eagles
50%
chelo
50%
dexter
50%
dgt
50%
F1KU
50%
hampus
50%
interz
50%
isak
50%
JDC
50%
juanflatroo
50%
k1to
50%
Keoz
50%
max
50%
Patsi
50%
refrezh
50%
rigoN
50%
S1ren
50%
sdy
50%
Sico
50%
slaxz-
50%
torzsi
50%
Vexite
50%
YEKINDAR
50%
Annihilation
25%
autimatic
25%
bLitz
25%
Brehze
25%
buda
25%
CeRq
25%
coldzera
25%
dav1deuS
25%
dumau
25%
es3tag
25%
Evil Geniuses
25%
FASHR
25%
HexT
25%
IHC
25%
latto
25%
lauNX
25%
NEOFRAG
25%
nicoodoz
25%
nqz
25%
roeJ
25%
sinnopsyy
25%
Sprout
25%
Staehr
25%
Techno
25%
Zyphon
25%
gxx-
0%
kabal
0%
neaLaN
0%
nexa
0%
SENER1
0%
sk0R
0%
try
0%
No matching quizzes found
Score Distribution
Percent of People with Each Score
Percentile by Number Answered
Your Score History
You have not taken this quiz